<?xml version="1.0" encoding="UTF-8"?><?xml-stylesheet type="text/xsl" href="static/style.xsl"?><OAI-PMH xmlns="http://www.openarchives.org/OAI/2.0/" xmlns:xsi="http://www.w3.org/2001/XMLSchema-instance" xsi:schemaLocation="http://www.openarchives.org/OAI/2.0/ http://www.openarchives.org/OAI/2.0/OAI-PMH.xsd"><responseDate>2026-04-19T09:43:22Z</responseDate><request verb="GetRecord" identifier="oai:www.recercat.cat:2445/154907" metadataPrefix="marc">https://recercat.cat/oai/request</request><GetRecord><record><header><identifier>oai:recercat.cat:2445/154907</identifier><datestamp>2025-11-19T20:55:58Z</datestamp><setSpec>com_2072_1057</setSpec><setSpec>col_2072_478917</setSpec><setSpec>col_2072_478933</setSpec></header><metadata><record xmlns="http://www.loc.gov/MARC21/slim" xmlns:dcterms="http://purl.org/dc/terms/" xmlns:xsi="http://www.w3.org/2001/XMLSchema-instance" xmlns:doc="http://www.lyncode.com/xoai" xsi:schemaLocation="http://www.loc.gov/MARC21/slim http://www.loc.gov/standards/marcxml/schema/MARC21slim.xsd">
   <leader>00925njm 22002777a 4500</leader>
   <datafield ind2=" " ind1=" " tag="042">
      <subfield code="a">dc</subfield>
   </datafield>
   <datafield ind2=" " ind1=" " tag="720">
      <subfield code="a">Seth, Piya</subfield>
      <subfield code="e">author</subfield>
   </datafield>
   <datafield ind2=" " ind1=" " tag="720">
      <subfield code="a">Ghosh,  Soumavo</subfield>
      <subfield code="e">author</subfield>
   </datafield>
   <datafield ind2=" " ind1=" " tag="720">
      <subfield code="a">Figuerola i Silvestre, Albert</subfield>
      <subfield code="e">author</subfield>
   </datafield>
   <datafield ind2=" " ind1=" " tag="720">
      <subfield code="a">Ghosh, Ashutosh</subfield>
      <subfield code="e">author</subfield>
   </datafield>
   <datafield ind2=" " ind1=" " tag="260">
      <subfield code="c">2020-04-03T10:17:32Z</subfield>
   </datafield>
   <datafield ind2=" " ind1=" " tag="260">
      <subfield code="c">2020-04-03T10:17:32Z</subfield>
   </datafield>
   <datafield ind2=" " ind1=" " tag="260">
      <subfield code="c">2013-10-03</subfield>
   </datafield>
   <datafield ind2=" " ind1=" " tag="260">
      <subfield code="c">2020-04-03T10:17:34Z</subfield>
   </datafield>
   <datafield ind2=" " ind1=" " tag="520">
      <subfield code="a">Five new trinuclear heterometallic CuII-MnII complexes [(CuL)2Mn(O2CPh)2] (1), [(CuL)2Mn(N3)2] (2), [(CuL)2Mn(NCO)2] (3), [(CuL)2Mn(NO3)2] (4) and [(CuL)2Mn(Sal)2]∙CH2Cl2 (5) have been synthesized with the di-Schiff base ligand H2L (where, H2L= N,N'-bis(salicylidene)-1,3-propanediamine and Sal= salicylate). These complexes with different anionic co-ligands have been synthesized to attain a large variation in phenoxido bridging angles and to investigate its consequence on magnetic properties. Single crystal X-ray diffraction analyses reveal that complexes 1, 2, 4 and 5 are linear, whereas 3 has an angular geometry. Variable temperature magnetic susceptibility measurements suggest that all five complexes possess an overall antiferromagnetic interaction between CuII and MnII ions, which results in a final ferrimagnetic ground state with spin 3/2 in the CuII-MnII-CuII trinuclear structure. The weakest antiferromagnetic interaction (JCu-Mn= -7.0 cm-1) is observed for 2 having the lowest value of the Cu-O-Mn angle (92.0°), while the strongest antiferromagnetic interaction (JCu-Mn= -26.5 cm-1) is observed for 3 having the largest Cu-O-Mn angle (101.4°). Complexes 1, 4 and 5 show an average Cu-O-Mn angles of 98.2°, 97.6° and 97.7°, respectively, that lead to intermediate antiferromagnetic interactions (JCu-Mn = -9.6, -9.7, -9.3 cm-1 respectively).</subfield>
   </datafield>
   <datafield tag="653" ind2=" " ind1=" ">
      <subfield code="a">Lligands</subfield>
   </datafield>
   <datafield tag="653" ind2=" " ind1=" ">
      <subfield code="a">Imines</subfield>
   </datafield>
   <datafield tag="653" ind2=" " ind1=" ">
      <subfield code="a">Difracció de raigs X</subfield>
   </datafield>
   <datafield tag="653" ind2=" " ind1=" ">
      <subfield code="a">Ligands</subfield>
   </datafield>
   <datafield tag="653" ind2=" " ind1=" ">
      <subfield code="a">Imines</subfield>
   </datafield>
   <datafield tag="653" ind2=" " ind1=" ">
      <subfield code="a">X-rays diffraction</subfield>
   </datafield>
   <datafield ind2="0" ind1="0" tag="245">
      <subfield code="a">Trinuclear heterometallic CuII-MnII complexes of a salen type Schiff base ligand: anion dependent variation of phenoxido bridging angles and magnetic coupling</subfield>
   </datafield>
</record></metadata></record></GetRecord></OAI-PMH>